Régulation theory among theories of institutions /
Сохранить в:
| Главный автор: | |
|---|---|
| Формат: | Текст |
| Метки: |
Добавить метку
Нет меток, Требуется 1-ая метка записи!
|
MARC
| LEADER | 00000 a a2200000 04500 | ||
|---|---|---|---|
| 001 | 43953 | ||
| 003 | |||
| 040 | |||
| 100 | |a Villeval, Marie-Claire | ||
| 245 | |a Régulation theory among theories of institutions / |c Marie-Claire Villeval | ||
| 773 | |g páginas 291-298 | ||
| 999 | |c 38298 |d 38298 | ||
